আমার বাবা ও একাত্তরের অম্লান স্মৃতি (Record no. 15058)

MARC details
000 -LEADER
fixed length control field 00662nam a22001817a 4500
003 - CONTROL NUMBER IDENTIFIER
control field BD-DhSAU
005 - DATE AND TIME OF LATEST TRANSACTION
control field 20210901162421.0
008 - FIXED-LENGTH DATA ELEMENTS--GENERAL INFORMATION
fixed length control field 210901b xxu||||| |||| 00| 0 eng d
020 ## - INTERNATIONAL STANDARD BOOK NUMBER
International Standard Book Number 9789849490708
040 ## - CATALOGING SOURCE
Original cataloging agency BD-DhSAU
082 ## - DEWEY DECIMAL CLASSIFICATION NUMBER
Edition number 22
Classification number 630
Item number H27
100 ## - MAIN ENTRY--PERSONAL NAME
Relator code হাসান, সাজ্জাদুল
245 ## - TITLE STATEMENT
Title আমার বাবা ও একাত্তরের অম্লান স্মৃতি
Remainder of title সাজ্জাদুল হাসান
300 ## - PHYSICAL DESCRIPTION
Extent 21 cm.
Other physical details ill. ; 100 p.
590 ## - Name of Cataloguer
Name of Cataloger রই
650 ## - SUBJECT ADDED ENTRY--TOPICAL TERM
Source of heading or term আমার বাবা ও একাত্তরের অম্লান স্মৃতি
942 ## - ADDED ENTRY ELEMENTS (KOHA)
Source of classification or shelving scheme Dewey Decimal Classification
Koha item type Book
Holdings
Withdrawn status Lost status Source of classification or shelving scheme Damaged status Not for loan Home library Branch Name Shelving location Date acquired Total Checkouts Full call number Barcode Date last seen Price effective from Koha item type
    Dewey Decimal Classification   Not For Loan SAU Library SAU Library Reference 01/09/2021   630 H27 42628 01/09/2021 01/09/2021 Book
    Dewey Decimal Classification     SAU Library SAU Library General Stacks 01/09/2021   630 H27 42637 01/09/2021 01/09/2021 Book
    Dewey Decimal Classification     SAU Library SAU Library General Stacks 01/09/2021   630 H27 42633 01/09/2021 01/09/2021 Book
    Dewey Decimal Classification     SAU Library SAU Library General Stacks 01/09/2021   630 H27 42634 01/09/2021 01/09/2021 Book
    Dewey Decimal Classification     SAU Library SAU Library General Stacks 01/09/2021   630 H27 42635 01/09/2021 01/09/2021 Book
    Dewey Decimal Classification     SAU Library SAU Library General Stacks 01/09/2021   630 H27 42636 01/09/2021 01/09/2021 Book
    Dewey Decimal Classification     SAU Library SAU Library General Stacks 01/09/2021   630 H27 42631 01/09/2021 01/09/2021 Book
    Dewey Decimal Classification     SAU Library SAU Library General Stacks 01/09/2021   630 H27 42632 01/09/2021 01/09/2021 Book
    Dewey Decimal Classification     SAU Library SAU Library General Stacks 01/09/2021   630 H27 42629 01/09/2021 01/09/2021 Book
    Dewey Decimal Classification     SAU Library SAU Library General Stacks 01/09/2021   630 H27 42630 01/09/2021 01/09/2021 Book